<?xml version="1.0" encoding="utf-8"?>
<?xml-stylesheet type='text/xsl' href='./oai2.xsl'?>
<OAI-PMH xmlns="http://www.openarchives.org/OAI/2.0/" xmlns:xsi="http://www.w3.org/2001/XMLSchema-instance" xsi:schemaLocation="http://www.openarchives.org/OAI/2.0/ http://www.openarchives.org/OAI/2.0/OAI-PMH.xsd">
  <responseDate>2026-04-30T13:11:16Z</responseDate>
  <request verb="GetRecord" metadataPrefix="marcxml" identifier="record_kuniweb_593597">https://kulturerbe.niedersachsen.de/oai</request>
  <GetRecord>
    <record>
      <header>
        <identifier>record_kuniweb_593597</identifier>
        <datestamp>2024-04-10T10:39:58Z</datestamp>
        <setSpec>slg0221</setSpec>
      </header>
      <metadata>
        <marc:record xmlns:marc="http://www.loc.gov/MARC21/slim" xsi:schemaLocation="http://www.loc.gov/MARC21/slim http://www.loc.gov/standards/marcxml/schema/MARC21slim.xsd">
          <marc:leader>12345nkm  22     uu 4500</marc:leader>
          <marc:controlfield tag="001">593597</marc:controlfield>
          <marc:controlfield tag="003">http://kuniweb.gbv.de</marc:controlfield>
          <marc:controlfield tag="005">2022-04-07T15:42:27</marc:controlfield>
          <marc:controlfield tag="008">|           ||||||||||||||||||||||</marc:controlfield>
          <marc:datafield tag="245" ind1="1" ind2="0">
            <marc:subfield code="a">Johann Conrad Sarnow: Die Müllerfamilie Öhlckers (vor 1825)</marc:subfield>
          </marc:datafield>
          <marc:datafield tag="655" ind1=" " ind2="7">
            <marc:subfield code="a">Grafik</marc:subfield>
          </marc:datafield>
          <marc:datafield tag="046" ind1=" " ind2=" ">
            <marc:subfield code="k">1800</marc:subfield>
            <marc:subfield code="k">19. Jh. 1. V.</marc:subfield>
            <marc:subfield code="l">1825</marc:subfield>
          </marc:datafield>
          <marc:datafield tag="260" ind1=" " ind2=" ">
            <marc:subfield code="g">1800</marc:subfield>
            <marc:subfield code="g">1825</marc:subfield>
            <marc:subfield code="g">19. Jh. 1. V.</marc:subfield>
          </marc:datafield>
          <marc:datafield tag="300" ind1=" " ind2=" ">
            <marc:subfield code="a">Höhe: 52,5 cm (Rahmen)
Breite: 58 cm (Blatt)
Höhe: 44 cm (Blatt)
Breite: 66 cm (Rahmen)</marc:subfield>
          </marc:datafield>
          <marc:datafield tag="520" ind1=" " ind2=" ">
            <marc:subfield code="a">Personengruppe bühnenartig zwischen Volants und Altonaer Möbeln drapiert, Männer in Kniebundhosen, Vatermörder und Schuhschnallen, teils Deckelpfeife rauchend, Frauen in Haube handarbeitend. Originaler Rahmen.
Signiertes Parallelstück in der Eisenwarenhandlung J. W. Döscher Wwe., Beverstedt (O. Rennebeck 04/2014)

Aufschrift:
"Joachim Öhlckers, Rio Janeiro, Kaufmann; Nicolaus Öhlckers, gestorben als Jüngling; Friedrich Öhlckers, Mühlenbesitzer in Neuhaus; Hinrich Öhlckers, Großvater von Herm[ann] Brunckhorst; Margarethe Öhlckers, verh[eiratete] Schnoor; Vater Öhlckers, Mühlen- und Domänenpächter in Harsefeld; Mutter Öhlckers; Johann Öhlckers, Förster; Louise oder Anna Öhlckers, verh. Pohndorf; Anna oder Louise Öhlckers, verh. Rust" (verso auf Rückpappe)

Wasserzeichen:
"D &amp; C BLAUW"

Literatur in Zusammenhang:
Hans Mindermann: 24. Juni 1812 - 1987 - 175 Jahre J. W. Döscher Wwe. Beverstedt

Beschrieben in:
Olaf Rennebeck: Eine seltene Silhouette-Malerei des Empire, in: mit_teilungen der Kranichhaus-Gesellschaft Otterndorf e. V., 16/2015, S. 22ff.; ders.: Die Silhouette-Malerei bleibt rätselhaft, in: ebd., 17/2016, S. 44ff.; ders.: Ein bewegter Lebensweg im Elbe-Weser-Raum. Der Zeichenmeister und Silhouetten-Künstler Johann Conrad Sarnow, in: ebd. 20/2019, S. 25ff.</marc:subfield>
          </marc:datafield>
          <marc:datafield tag="650" ind1="1" ind2=" ">
            <marc:subfield code="a">Silhouette</marc:subfield>
          </marc:datafield>
          <marc:datafield tag="650" ind1="1" ind2=" ">
            <marc:subfield code="a">Strickereitechnik</marc:subfield>
          </marc:datafield>
          <marc:datafield tag="650" ind1="1" ind2=" ">
            <marc:subfield code="a">Tabakspfeife</marc:subfield>
          </marc:datafield>
          <marc:datafield tag="650" ind1="1" ind2=" ">
            <marc:subfield code="a">Grafik, Fotografie &gt; Silhouette</marc:subfield>
          </marc:datafield>
          <marc:datafield tag="650" ind1="1" ind2=" ">
            <marc:subfield code="a">Malerei</marc:subfield>
          </marc:datafield>
          <marc:datafield tag="773" ind1="0" ind2=" ">
            <marc:subfield code="t">Sammlung "Kulturerbe" im Kranichhaus</marc:subfield>
          </marc:datafield>
          <marc:datafield tag="852" ind1=" " ind2=" ">
            <marc:subfield code="a">Kranichhaus. Museum des Landes Hadeln</marc:subfield>
          </marc:datafield>
          <marc:datafield tag="" ind1=" " ind2=" ">
            <marc:subfield code="a">Namensnennung - Nicht kommerziell - Keine Bearbeitungen 4.0 International (CC BY-NC-ND 4.0)</marc:subfield>
          </marc:datafield>
        </marc:record>
      </metadata>
    </record>
  </GetRecord>
</OAI-PMH>
